000 00912nam a22002057a 4500
001 6367
003 FISKH
005 20250424102831.0
008 250424b cb ||||| |||| 00| 0 eng d
020 _a9780199126798
040 _aFISKH
_beng
_cFISKH
_dFISKH
100 _aBourdais, Daniele
245 _aClic ! :
_bEn Solo Workbook 1 Plus /
_cBy Daniele Bourdais and Sue Finnie
260 _aOxford :
_bOxford University Press ,
_c2008.
300 _a94 pages :
_billustrations, maps ;
_c26 cm .
520 _aClic! is the bestselling KS3 French course, updated to match the Renewed Framework. Clic! has two Access Student Books for reluctant learners, making this course the most differentiated course available. This PLUS En Solo Workbook offers extra practice and consolidation with write-in activities and audio material.
700 _aFinnie, Sue
_eIllustrator
942 _2ddc
_cBK
_n0
999 _c6367
_d6367